01449nam a22002297a 4500003000400000005001700004008004100021040001700062041001200079100002000091245007400111260003600185362004200221520072800263650001400991650002001005650003801025650002601063650002001089700002101109856008901130OSt20260512131109.0250910b |||||||| |||| 00| 0 eng d aEnglishctbs aEnglish aHunt, Shelby D. aA general theory of marketing ethicsc/ Hunt, S. D., & Vitell, S. J.  bJournal of Macromarketingc1986 aJournal of Macromarketing, 6(1), 5-16 aThe general theory of marketing ethics, first published in the Journal of Macromarketing by Hunt and Vitell (1986), has been the focus of much discussion and empirical testing. As a result, the theory was revised in 1993. This article overviews the 1993 revision of the model and addresses three questions that are often asked by those who use the model in the classroom and/or in research: (1) What is the justification for using normative ethical theory as a starting point for positing a positive ethical theory? (2) Is the Hunt-Vitell (H-V) model a causal model, that is, is each concept in the model a construct to be measured? (3) How, specifically, can the H-V theory be used to teach marketing and business ethics?  0aMarketing 0aBusiness ethics 0aSocial responsibility of business 0aQuantitative research 0aDecision making aVitell, Scott J. uhttps://journals-sagepub-com.hub.tbs-education.fr/doi/pdf/10.1177/027614678600600103